000 00616nam a2200193Ia 4500
003 GCL
008 140319s9999 xx 000 0 ara d
040 _aGCL /
_cGCL
082 0 4 _a813.08
_bل ر
100 1 _aصالح جواد الكاظم
245 1 0 _aالرواية التاريخية /
_cصالح جواد الكاظم
700 1 _aلوكاس، جورج
300 _a516 ص
490 _aالهيئة العامة للاستعلامات
_v0
650 0 4 _aالقصص التاريخية
650 0 4 _aالادب - تاريخ ونقد
650 0 4 _aاللغة العامية, الادب
942 _2ddc
_cBK
999 _c47342
_d47342